Nicktoons Quiz (1990s) - Statistics

General Stats
  • This quiz has been taken 52 times
  • The average score is 10 of 13
Answer Stats
Years Answer % Correct
1991-2004 Rugrats
100%
1991-1994 Doug
91%
1999- SpongeBob SquarePants
91%
1996-2004 Hey Arnold!
82%
1993-1996 Rocko's Modern Life
76%
1998-2004 The Wild Thornberrys
76%
1997-2003 The Angry Beavers
74%
1994-1997 Aaahh!!! Real Monsters
71%
1998-2004 CatDog
71%
1996-2000 KaBlam!
71%
1999-2004 Rocket Power
71%
1991-1996 The Ren and Stimpy Show
71%
1998-2002 Oh Yeah! Cartoons
47%
No matching quizzes found
Score Distribution
Percent of People with Each Score
Percentile by Number Answered
Your Score History
You have not taken this quiz